Digital Single Market Strategy and Its Impact on Trust in Public Administration

Vplyv implementácie konkrétnych úsilí v oblasti elektronickej verejnej správy navrhnutá v rámci stratégie jednotného digitálneho trhu vedie na zvýšenie dôvery občanov vo verejnú správu. Analýza na základe porovnania e-governmentovej časti indexu DESI (Digital Economy and Society Index, index digitál...

Ausführliche Beschreibung

Gespeichert in:
Bibliographische Detailangaben
1. Verfasser: Tkáč, Michal, ml., 1984-
Format: Buchkapitel
Sprache:Englisch
Schlagworte:
Tags: Tag hinzufügen
Keine Tags, Fügen Sie das erste Tag hinzu!

MARC

LEADER 00000naa$a2200000$$$4500
001 0248034
005 20240227114900.7
041 0 |a eng 
044 |a AT 
245 1 0 |a Digital Single Market Strategy and Its Impact on Trust in Public Administration  |c Michal Tkáč 
520 |a Vplyv implementácie konkrétnych úsilí v oblasti elektronickej verejnej správy navrhnutá v rámci stratégie jednotného digitálneho trhu vedie na zvýšenie dôvery občanov vo verejnú správu. Analýza na základe porovnania e-governmentovej časti indexu DESI (Digital Economy and Society Index, index digitálnej ekonomiky a spoločnosti) s výsledkami štúdií Eurobarometra. 
610 2 0 |a správa verejná 
610 2 0 |a správa verejná elektronická 
610 2 0 |a trh 
610 2 0 |a trh jednotný 
610 2 0 |a občania 
610 2 0 |a Európska únia 
100 1 |a Tkáč, Michal, ml., 1984-